01826cam a22004454i 4500003000900000005001700009008004100026035002000067040003300087049000900120082002500129100003500154245010300189264004700292300002900339336002100368337002500389338002300414490005300437505024500490526001000735526001000745526001000755526001000765526000800775526000800783526000800791526000800799526000800807526000800815526000800823630004400831910002500875942001400900949008300914596000600997999015801003980005501161952016401216PE-LiUPU20250731172830.0150720s2000 miu r 000 0 spa d a(Sirsi) a153564 aPE-LiUPUbspacPE-LiUPUerda aPRUA04a225.07bNIGTC 1996 71 aThiselton, Anthony C.,eautor.14aThe first epistle to the Corinthian :ba commentary on the greek text.n7 /cAnthony C. Thiselton. 1aGrand Rapids, Michigan :bEerdmans,c2000. a1446 páginas ;c25 cm. atext2rdacontent aunmediated2rdamedia avolume2rdacarrier0 aThe New International Greek Testament Commentary0 aRoman Corinth in the time of Paul: geograpy, archeaeology, socieconomic satutus, prosperity, and culture of pragmatic pluralism -- The christian community in corinth beginning, nature, and relations with raul -- The occasion of the epistle. aSEG42 aSEG41 aSEG40 aSEG39 aP94 aP87 aP86 aP85 aP77 aP76 aP35 aBibliapN.T.pCorintios IxComentarios. aglbngcngd20090304 2ddccBOOK a225.07 NIGTC 1996 7i59364lCCODEBUL1mBULtLIBROo.STAFF. Colección General a1 a225.07 NIGTC 1996 7wDEWEYc6243i59364d6243f2021-11-9g5lCCODEBUL1mBULq2r0sYtBOOKu2015-7-30xTEOLOGIAPP350COMPRAo.STAFF. Colección General 81gALBERTO SANCHEZ Responsable de Automatización r2025-12-02 00:00:00i6l0o225.07 NIGTC 1996 7p59364te1w2015-07-30xFTyBKzinventario-2023-12-13102ddc50708GENfP35aBULbBULcGENd2015-07-30eCOMPRA